| 000 | 00403nam a22001457a 4500 | ||
|---|---|---|---|
| 020 | _a9781405148627 | ||
| 082 |
_a628.4 _bLEV/TR |
||
| 245 | _aTreated Wastewater in Agriculture: Use and Impacts on the Soil Environment and Crops | ||
| 260 |
_aLondon _bWiley-Blackwell _c2011 |
||
| 300 | _a446 | ||
| 700 |
_aLevy,Guy.J _9496 |
||
| 700 |
_aFine,Pinchas _9497 |
||
| 700 |
_aBar-Tal,Asher _9498 |
||
| 942 | _cREF | ||
| 999 |
_c14343 _d14343 |
||